[Event "75. ch-GER"]
[Site "?"]
[Date "2004.02.03"]
[Round "5"]
[White "Pohl Walter"]
[Black "Preiss Martin"]
[Result "1/2-1/2"]
[WhiteElo "2217"]
[BlackElo "2304"]
[PlyCount "35"]
[EventDate "2004.??.??"]
[Source "www.chesslib.no"]
[SourceDate "2004.05.04"]

1. d4 f5 2. Qd3 d5 3. g4 e6 4. gxf5 exf5 5. Bf4 Nf6 6. Nc3 c6 7. O-O-O Nh5 8. Bd2 Bd6 9. Bh3 Qf6 10. f3 O-O 11. e4 Nf4 12. Bxf4 Bxf4+ 13. Kb1 Be6 14. Nge2 Bh6 15. e5 Qh4 16. f4 Na6 17. Qg3 Qe7 18. Bg2 1/2-1/2

[Event "Mar del Plata-ch55 Mayor"]
[Site "Mar del Plata"]
[Date "2000.11.22"]
[Round "8"]
[White "Cristobal, Ruben"]
[Black "Palermo, Vicente"]
[Result "1-0"]
[WhiteElo "2289"]
[BlackElo "2224"]
[PlyCount "127"]
[EventDate "2000.11.06"]
[Source "ChessBase"]
[SourceDate "2001.01.11"]

1. d4 f5 2. Qd3 d5 3. Bf4 c6 4. Nd2 Nf6 5. Ngf3 e6 6. h3 Bd6 7. Bxd6 Qxd6 8. Ne5 O-O 9. g4 f4 10. O-O-O Nfd7 11. Ndf3 Nxe5 12. dxe5 Qc7 13. h4 c5 14. c4 Nc6 15. Bg2 Nb4 16. Qb1 dxc4 17. a3 Nc6 18. Ng5 g6 19. Bxc6 bxc6 20. Qe4 Rb8 21. Rh3 Rb3 22. Rxb3 cxb3 23. h5 Qe7 24. Nf3 gxh5 25. gxh5 Kh8 26. Rg1 Qf7 27. h6 Rg8 28. Rxg8+ Kxg8 29. Qxc6 Bb7 30. Qxc5 Qg6 31. Nd4 Qxh6 32. Qxa7 f3+ 33. e3 Qh1+ 34. Kd2 Bd5 35. Qb8+ Kg7 36. e4 Qh6+ 37. Kd3 Qg6 38. Qc7+ Kg8 39. Qd8+ Kf7 40. Qh4 Bb7 41. Nxf3 h6 42. Nd2 Qg7 43. Qf4+ Ke8 44. Nxb3 Qd7+ 45. Nd4 Qa4 46. Qc1 Qa5 47. f4 Qa8 48. Qh1 Qa6+ 49. Ke3 Qc4 50. Qh5+ Kd8 51. Qd1 Ke8 52. f5 exf5 53. exf5 Qd5 54. Qh5+ Kd7 55. e6+ Kd8 56. Qh4+ Kc8 57. Qf4 Qh1 58. Kd2 Qb1 59. Kc3 Qe1+ 60. Qd2 Qg3+ 61. Qd3 Qe1+ 62. Kb3 Bd5+ 63. Ka4 Qe5 64. Qc3+ 1-0

[Event "Oberliga Bayern 9596"]
[Site "Bayern"]
[Date "1996.??.??"]
[Round "?"]
[White "Haag, Wolfgang"]
[Black "Urban, Michael"]
[Result "1/2-1/2"]
[WhiteElo "2315"]
[BlackElo "2195"]
[PlyCount "86"]
[EventDate "1995.10.??"]
[Source "www.chesslib.no"]
[SourceDate "2004.05.04"]

1. d4 f5 2. Qd3 d5 3. Bf4 Nf6 4. Nf3 g6 5. c4 Bg7 6. Nc3 c6 7. g3 e6 8. Bg2 O-O 9. O-O Nbd7 10. Bd6 Re8 11. Ne5 Ne4 12. Nxe4 fxe4 13. Qc3 Nxe5 14. Bxe5 Bxe5 15. dxe5 Bd7 16. f3 exf3 17. exf3 Qb6+ 18. c5 Qc7 19. a4 b6 20. f4 bxc5 21. Qxc5 Qb6 22. Qxb6 axb6 23. Rfc1 Rec8 24. b4 Ra7 25. Bf3 Rca8 26. Bd1 Ra6 27. Kf2 Kf7 28. Ke3 Ke7 29. Ra2 Kd8 30. g4 c5 31. bxc5 bxc5 32. Rxc5 Bxa4 33. Bf3 Bb3 34. Rxa6 Rxa6 35. Be2 Ra2 36. h4 Rc2 37. Rxc2 Bxc2 38. Kd4 Ke7 39. Kc5 Be4 40. g5 Bc2 41. h5 Be4 42. hxg6 hxg6 43. Bb5 Bc2 1/2-1/2

[Event "Corr"]
[Site "?"]
[Date "2000.01.04"]
[Round "?"]
[White "Kaczorowski Piotr"]
[Black "Dijksman Leo"]
[Result "0-1"]
[WhiteElo "2396"]
[BlackElo "2107"]
[PlyCount "84"]
[EventDate "2000.??.??"]
[Source "www.chesslib.no"]
[SourceDate "2004.05.04"]

1. d4 f5 2. Qd3 d5 3. g3 Nf6 4. Bg2 e6 5. Nh3 c5 6. c3 Nc6 7. O-O Bd7 8. a3 Bd6 9. Bf4 Bxf4 10. Nxf4 c4 11. Qc2 O-O 12. Nd2 b5 13. f3 e5 14. dxe5 Nxe5 15. Rfd1 Qb6+ 16. Kh1 Rad8 17. Nf1 Bc8 18. e3 Rfe8 19. Rd2 g5 20. Ne2 Nd3 21. Nd4 f4 22. exf4 gxf4 23. Rad1 Re5 24. Re2 Rxe2 25. Qxe2 Re8 26. Qc2 Nh5 27. Rxd3 cxd3 28. Qxd3 a6 29. Qd2 fxg3 30. hxg3 Qg6 31. Kh2 Re7 32. f4 Nf6 33. Kg1 Ne4 34. Bxe4 dxe4 35. Kf2 h5 36. Ne3 h4 37. gxh4 Qh5 38. Ke1 Qxh4+ 39. Qf2 Qh1+ 40. Qf1 Rh7 41. Qxh1 Rxh1+ 42. Kd2 Rh2+ 0-1

[Event "Cairo op"]
[Site "Cairo"]
[Date "1998.??.??"]
[Round "6"]
[White "Tahan, Sabri"]
[Black "Ahmed, Ehab"]
[Result "1-0"]
[WhiteElo "2200"]
[BlackElo "2285"]
[PlyCount "69"]
[EventDate "1998.??.??"]
[Source "www.chesslib.no"]
[SourceDate "2004.05.04"]

1. d4 f5 2. Qd3 d5 3. Nf3 Nf6 4. Bf4 e6 5. Nbd2 Bd6 6. Ne5 O-O 7. h3 c5 8. e3 Nc6 9. Nxc6 bxc6 10. Bxd6 Qxd6 11. Qa3 Nd7 12. Nb3 e5 13. dxc5 Qh6 14. Na5 f4 15. O-O-O Rb8 16. Kb1 Rf6 17. e4 Qh5 18. Bd3 Nf8 19. Rhe1 f3 20. g4 Qxh3 21. exd5 cxd5 22. Rxe5 Bxg4 23. c6 Qh2 24. Rg5 Qf4 25. Rxd5 Be6 26. Rd4 Qh2 27. Ba6 Rb6 28. Bc4 Qxf2 29. c7 Qxd4 30. Rxd4 f2 31. Bf1 Bh3 32. Qxh3 Rbe6 33. b4 Re1+ 34. Kb2 Rxf1 35. Qxf1 1-0

[Event "1st It, Odivelas POR"]
[Site "?"]
[Date "2000.??.??"]
[Round "7"]
[White "Santos, AP."]
[Black "Pinho, P."]
[Result "0-1"]
[WhiteElo "2270"]
[BlackElo "2210"]
[PlyCount "108"]
[EventDate "2000.??.??"]
[Source "www.chesslib.no"]
[SourceDate "2004.05.04"]

1. d4 f5 2. Qd3 d5 3. h3 Nf6 4. Nc3 c6 5. Bf4 Be6 6. Nf3 Ne4 7. g4 Na6 8. Ng5 Nxg5 9. Bxg5 Qd7 10. O-O-O O-O-O 11. Bf4 fxg4 12. hxg4 Bxg4 13. f3 Bf5 14. e4 dxe4 15. fxe4 Bg4 16. Qxa6 bxa6 17. Bxa6+ Qb7 18. Bxb7+ Kxb7 19. Rdg1 Be6 20. Be5 h5 21. Na4 Bc8 22. Nc5+ Kb6 23. Rg3 a6 24. Rb3+ Ka7 25. Bb8+ Ka8 26. Bc7 Re8 27. Rb8+ Ka7 28. Rh3 Bxh3 29. Rxe8 g6 30. Kb1 Bg4 31. a4 e6 32. Bb8+ Kb6 33. a5+ Kb5 34. Be5 Bg7 35. Rxh8 Bxe5 36. dxe5 Kxc5 37. c3 Bf3 38. Kc2 Bxe4+ 39. Kd2 Kd5 40. Ra8 h4 41. Rh8 g5 42. Rh5 Bf3 43. Rh8 Ke4 44. Ke1 Kxe5 45. Kf2 Bd5 46. Rf8 Be4 47. Rf7 g4 48. Rg7 g3+ 49. Kg1 Kf4 50. Rf7+ Bf5 51. b4 h3 52. c4 Kf3 53. b5 h2+ 54. Kh1 Kf2 0-1

[Event "POR-ch"]
[Site "Lisbon"]
[Date "1999.09.05"]
[Round "10"]
[White "Santos, Antonio P"]
[Black "Dias, Paulo"]
[Result "1-0"]
[WhiteElo "2263"]
[BlackElo "2207"]
[PlyCount "179"]
[EventDate "1999.09.05"]
[Source "www.chesslib.no"]
[SourceDate "2004.05.04"]

1. d4 f5 2. Qd3 d5 3. Nc3 Nf6 4. Bg5 c6 5. f3 Qa5 6. Nh3 Na6 7. a3 Bd7 8. e3 e6 9. Be2 Be7 10. O-O c5 11. b4 cxb4 12. axb4 Qc7 13. Nb5 Qb6 14. c3 O-O 15. Bf4 Rfc8 16. Ra5 Bd8 17. Rfa1 Ne8 18. e4 dxe4 19. fxe4 Qc6 20. d5 exd5 21. exd5 Qf6 22. Bg5 Bb6+ 23. Kh1 Bxb5 24. Rxb5 Qxc3 25. Qxc3 Rxc3 26. Be7 Nac7 27. Rxb6 axb6 28. Rxa8 Nxa8 29. d6 Kf7 30. Ng5+ Kg6 31. h4 Nxd6 32. Bxd6 Nc7 33. Be5 Rc1+ 34. Kh2 Nd5 35. Bf3 Nxb4 36. Bf4 Rc4 37. h5+ Kf6 38. Nxh7+ Ke7 39. Be5 Kf7 40. Ng5+ Kg8 41. Ne6 Nc6 42. Bxg7 Kf7 43. h6 Rh4+ 44. Kg3 Rh1 45. Nf4 Ne7 46. Be2 Kg8 47. Nh5 Kh7 48. Bf3 Ng8 49. Kf4 Nxh6 50. Bxh6 Kxh6 51. Ng3 Re1 52. Nxf5+ Kh7 53. Be4 Kg8 54. g4 b5 55. g5 b4 56. g6 Rg1 57. Ke5 b3 58. Kf6 b2 59. g7 Rxg7 60. Nxg7 Kf8 61. Bg6 Kg8 62. Ne6 Kh8 63. Nd8 Kg8 64. Nxb7 Kh8 65. Nd6 b1=B 66. Bxb1 Kg8 67. Bg6 Kh8 68. Bf7 Kh7 69. Nf5 Kh8 70. Ne7 Kh7 71. Ng6 Kh6 72. Bg8 Kh5 73. Bc4 Kh6 74. Nf8 Kh5 75. Ne6 Kh6 76. Bd3 Kh5 77. Nc7 Kh6 78. Nd5 Kh5 79. Ne3 Kh6 80. Ng4+ Kh5 81. Kf5 Kh4 82. Kf4 Kh5 83. Be4 Kh4 84. Bg6 Kh3 85. Ne3 Kh2 86. Bf5 Kg1 87. Kg3 Kh1 88. Bh3 Kg1 89. Nf1 Kh1 90. Nh2 1-0

[Event "BL2-S 9596"]
[Site "GER"]
[Date "1996.??.??"]
[Round "?"]
[White "Kluss, Kai"]
[Black "Stoll, Ferdinand"]
[Result "0-1"]
[WhiteElo "2230"]
[BlackElo "2235"]
[PlyCount "94"]
[EventDate "1995.10.??"]
[Source "www.chesslib.no"]
[SourceDate "2004.05.04"]

1. d4 f5 2. Qd3 d5 3. g3 Nf6 4. Bg2 e6 5. Nf3 Be7 6. O-O O-O 7. b3 a5 8. a4 c5 9. dxc5 Na6 10. Ba3 Nxc5 11. Qe3 Nfe4 12. Bb2 Bf6 13. Bd4 Qc7 14. Bxf6 Rxf6 15. Nc3 Bd7 16. Nb5 Bxb5 17. axb5 Rd8 18. c4 dxc4 19. bxc4 e5 20. Qa3 b6 21. Qb2 Re6 22. Rad1 Rxd1 23. Rxd1 Na4 24. Qc2 Nac3 25. Rd3 Nxb5 26. Qd1 Nbd6 27. h4 Qc5 28. e3 g6 29. Ng5 Nxg5 30. Bd5 e4 31. Bxe6+ Nxe6 32. Rxd6 Qxc4 33. Rxb6 Nf8 34. Qd4 Qxd4 35. exd4 Kf7 36. Kf1 Ne6 37. Rb7+ Kf6 38. d5 Nc5 39. Rxh7 Ke5 40. Rg7 Kxd5 41. Ke2 a4 42. Ra7 Kd4 43. Kd2 Kc4 44. Ra8 Kb3 45. Rb8+ Kc4 46. Rb6 a3 47. Kc2 a2 0-1

[Event "Tch (Men) 2005/2006 GER"]
[Site "?"]
[Date "2006.03.12"]
[Round "9"]
[White "Krug Norbert"]
[Black "Wohlfart Paulus"]
[Result "1-0"]
[WhiteElo "2227"]
[BlackElo "2238"]
[PlyCount "83"]
[EventDate "2006.??.??"]
[Source "www.chesslib.no"]
[SourceDate "2004.05.04"]

1. d4 f5 2. Qd3 d5 3. g4 e6 4. Nc3 Nf6 5. gxf5 exf5 6. Bf4 Bd6 7. Nh3 Nc6 8. O-O-O Qe7 9. Bxd6 cxd6 10. Nf4 Be6 11. Bg2 Ne4 12. Bxe4 dxe4 13. Qb5 a6 14. Qb6 Bf7 15. Ncd5 Bxd5 16. Nxd5 Qg5+ 17. e3 O-O 18. Nc7 Qe7 19. Nxa8 Rxa8 20. Rhg1 Rd8 21. Rg2 Rd7 22. Rdg1 Qf6 23. Kb1 g6 24. a4 Kg7 25. c4 Qf7 26. Rc1 Qf6 27. Qb3 Rc7 28. c5 Rd7 29. cxd6 Qxd6 30. h4 Rf7 31. h5 f4 32. hxg6 hxg6 33. Rh1 Kf8 34. Rh6 fxe3 35. Rh8+ Ke7 36. Qxe3 Qxd4 37. Qxd4 Nxd4 38. Rh4 e3 39. fxe3 Nf5 40. Rb4 Nd6 41. Rxg6 b5 42. Rd4 1-0

[Event "Portuguese Masters"]
[Site "Caldas de Felgueira"]
[Date "1999.02.26"]
[Round "7"]
[White "Santos, Antonio P"]
[Black "Dias, Paulo"]
[Result "0-1"]
[WhiteElo "2266"]
[BlackElo "2195"]
[PlyCount "62"]
[EventDate "1999.02.20"]
[Source "ChessBase"]
[SourceDate "1999.05.10"]

1. d4 f5 2. Qd3 d6 3. g4 fxg4 4. h3 g3 5. fxg3 e5 6. dxe5 dxe5 7. Nf3 Bd6 8. Nc3 Nf6 9. Bg5 Nc6 10. O-O-O O-O 11. Ne4 Bf5 12. Bxf6 gxf6 13. g4 Be6 14. Nxd6 cxd6 15. Qxd6 Qe8 16. Qa3 a5 17. e4 Nb4 18. g5 Qc6 19. Bd3 b5 20. b3 Rfc8 21. Rh2 Qc5 22. Qb2 Qe3+ 23. Kb1 Qxf3 24. Rg1 Nxd3 25. cxd3 Qxd3+ 26. Ka1 f5 27. Qxe5 Qc3+ 28. Qxc3 Rxc3 29. Kb2 Rac8 30. Re1 f4 31. h4 Rh3 0-1

[Event "DEN-chT 9697"]
[Site "?"]
[Date "1996.??.??"]
[Round "2"]
[White "Abildlund, Jens"]
[Black "Hartung Nielsen, Jens"]
[Result "0-1"]
[WhiteElo "2195"]
[BlackElo "2255"]
[PlyCount "66"]
[EventDate "1996.11.03"]
[Source "www.chesslib.no"]
[SourceDate "2004.05.04"]

1. d4 f5 2. Qd3 e6 3. Nc3 Nf6 4. Bg5 Be7 5. O-O-O O-O 6. f3 Nc6 7. Kb1 d6 8. Nh3 Kh8 9. e3 Bd7 10. Be2 e5 11. dxe5 Nxe5 12. Qd4 Bc6 13. Nf4 Qd7 14. Bc4 Nxc4 15. Qxc4 Ne4 16. Bxe7 Nxc3+ 17. Qxc3 Qxe7 18. h4 Rae8 19. Rde1 Qf6 20. Qd2 Kg8 21. h5 Re5 22. h6 g6 23. Qd4 a6 24. Rd1 Rfe8 25. Rhe1 Qf7 26. Nh3 Qe7 27. Rd3 Bb5 28. Rc3 c5 29. Qf4 d5 30. a4 Bc6 31. Ra3 d4 32. Ng5 Qf8 33. e4 Qxh6 0-1

[Event "JUG-chT2"]
[Site "Tivat"]
[Date "1995.??.??"]
[Round "10"]
[White "Pejovic, Jovan"]
[Black "Sparic, Nebojsa"]
[Result "1/2-1/2"]
[WhiteElo "2225"]
[BlackElo "2220"]
[PlyCount "37"]
[EventDate "1995.??.??"]
[Source "www.chesslib.no"]
[SourceDate "2004.05.04"]

1. d4 f5 2. Qd3 d5 3. Nf3 Nf6 4. Bf4 e6 5. e3 Bd6 6. Be2 O-O 7. O-O b6 8. c4 c6 9. Bxd6 Qxd6 10. Ne5 c5 11. Nc3 Ba6 12. a4 Nbd7 13. Nxd7 Qxd7 14. Nb5 Rac8 15. b3 Rfd8 16. Rfd1 g6 17. f3 Qe7 18. Qc3 Bxb5 19. axb5 1/2-1/2

[Event "Boxborough, MA"]
[Site "?"]
[Date "1999.09.04"]
[Round "1"]
[White "Levin Anatoly"]
[Black "Curdo John"]
[Result "0-1"]
[WhiteElo "2070"]
[BlackElo "2361"]
[PlyCount "58"]
[EventDate "1999.??.??"]
[Source "www.chesslib.no"]
[SourceDate "2004.05.04"]

1. d4 f5 2. Qd3 e6 3. g4 d5 4. Bf4 Nf6 5. gxf5 exf5 6. Nd2 Nc6 7. c3 Bd6 8. Bxd6 Qxd6 9. Qg3 f4 10. Qxg7 Rg8 11. Qh6 Rg6 12. Qh4 Rg4 13. Qh6 Ne7 14. f3 Neg8 15. fxg4 Nxh6 16. g5 Nfg4 17. gxh6 Ne3 18. Kf2 Qxh6 19. Ngf3 Bf5 20. h4 Ng4+ 21. Ke1 Qe6 22. Bh3 h5 23. Rf1 O-O-O 24. Ng5 Qe3 25. Rf3 Qe7 26. Rxf4 Qe3 27. Rxf5 Qg3+ 28. Kd1 Ne3+ 29. Kc1 Qe1# 0-1

[Event "6th San Agustin Open, Aviles ESP"]
[Site "?"]
[Date "2001.??.??"]
[Round "5"]
[White "Aliev, C."]
[Black "Moreno, Ale2"]
[Result "0-1"]
[WhiteElo "2205"]
[BlackElo "2225"]
[PlyCount "64"]
[EventDate "2001.??.??"]
[Source "www.chesslib.no"]
[SourceDate "2004.05.04"]

1. d4 f5 2. Qd3 d5 3. Bf4 Nf6 4. Nf3 e6 5. e3 Bd6 6. Nbd2 O-O 7. Ne5 b6 8. Qb3 c5 9. c4 cxd4 10. exd4 Nh5 11. Qf3 Nxf4 12. Qxf4 Nc6 13. Nxc6 Bxf4 14. Nxd8 Rxd8 15. Nb3 a5 16. a4 dxc4 17. Bxc4 Ra7 18. Ke2 Rc7 19. Bd3 Bb7 20. f3 Bd5 21. Nd2 Bxd2 22. Kxd2 Bc4 23. Ra3 Rxd4 24. Ke3 Rcd7 25. Bxc4 f4+ 26. Ke2 Rd2+ 27. Ke1 Rd1+ 28. Kf2 R7d2+ 29. Be2 Rxh1 30. Rb3 Rc1 31. Rxb6 Kf7 32. Rb5 Kf6 0-1

[Event "Midwest Masters"]
[Site "Chicago"]
[Date "1985.??.??"]
[Round "1"]
[White "Quigley, Lawrence"]
[Black "De Fotis, Gregory"]
[Result "0-1"]
[WhiteElo "2215"]
[BlackElo "2200"]
[PlyCount "58"]
[EventDate "1985.??.??"]
[Source "www.chesslib.no"]
[SourceDate "2004.05.04"]

1. d4 f5 2. Qd3 d5 3. g4 fxg4 4. h3 g3 5. fxg3 Nf6 6. Bf4 c5 7. c3 Qb6 8. Na3 Qxb2 9. Qb5+ Qxb5 10. Nxb5 Na6 11. Nf3 Bd7 12. e3 Ne4 13. Nd2 Nd6 14. Rb1 Nf7 15. Nf3 Bf5 16. Rb2 Be4 17. Be2 g5 18. Nc7+ Nxc7 19. Bxc7 Kd7 20. Rxb7 Kc6 21. Rb8 Rxb8 22. Bxb8 Kb7 23. Be5 Nxe5 24. dxe5 Bg7 25. O-O h6 26. Nd2 Bg6 27. Bf3 Bxe5 28. Bxd5+ Kc7 29. Ne4 e6 0-1

[Event "Salzbourg (18eme open)"]
[Site "?"]
[Date "2003.08.23"]
[Round "1.15"]
[White "Schmitz Manuela"]
[Black "Rolletschek Heinrich"]
[Result "0-1"]
[WhiteElo "2094"]
[BlackElo "2309"]
[PlyCount "166"]
[EventDate "2003.??.??"]
[Source "www.chesslib.no"]
[SourceDate "2004.05.04"]

1. d4 f5 2. Qd3 d5 3. g4 g6 4. gxf5 Bxf5 5. Qb5+ Nd7 6. Bh3 Ngf6 7. Bxf5 gxf5 8. Nh3 Rc8 9. Bf4 h6 10. Qd3 e6 11. Qg3 Rg8 12. Qe3 Nb6 13. Qe5 Nh5 14. Nd2 Kd7 15. O-O-O Bg7 16. Qe3 Qf8 17. Nb3 Re8 18. Nc5+ Kc8 19. Qa3 a6 20. Qb4 Bf6 21. Rd3 Nxf4 22. Nxf4 Qd6 23. e3 Qc6 24. Rc3 Be7 25. Nfd3 Bxc5 26. Rxc5 Qd6 27. Qa5 Nd7 28. Rc3 Rg2 29. h3 e5 30. dxe5 Nxe5 31. Nf4 Rxf2 32. Rd1 Nc6 33. Qxd5 Qxd5 34. Nxd5 Rh2 35. Nf4 Ne5 36. Rc5 c6 37. a4 b6 38. Rc3 Kc7 39. Nd5+ Kb7 40. Nf6 Re6 41. Nd7 Kc7 42. Nxe5 Rxe5 43. Rcd3 Re7 44. Rf1 Rxh3 45. Rxf5 Rhxe3 46. Rxe3 Rxe3 47. Rf7+ Kd6 48. Rh7 Re6 49. a5 bxa5 50. Ra7 h5 51. Rxa6 Re5 52. Ra7 h4 53. Rh7 Re4 54. b3 a4 55. bxa4 Rxa4 56. Kd2 Rg4 57. Ke3 Kd5 58. Kf3 Rd4 59. Rh6 c5 60. Ke3 Kc4 61. Rh5 Rg4 62. Kf3 Rg3+ 63. Kf2 Rh3 64. Kg2 Re3 65. Kf2 Re7 66. Kf3 Kd4 67. Rxh4+ Kc3 68. Rh2 c4 69. Rg2 Re1 70. Rg4 Rc1 71. Ke2 Rxc2+ 72. Kd1 Rh2 73. Rg8 Rh1+ 74. Ke2 Kc2 75. Rc8 c3 76. Rc7 Kb2 77. Rb7+ Kc1 78. Ra7 Rh2+ 79. Ke1 c2 80. Rb7 Rh5 81. Rb8 Re5+ 82. Kf2 Kd2 83. Rd8+ Kc3 0-1

[Event "USA-chT Amateur East"]
[Site "Parsipanny"]
[Date "2002.02.17"]
[Round "3"]
[White "Feuerstein, Arthur William"]
[Black "West, James R"]
[Result "0-1"]
[WhiteElo "2167"]
[BlackElo "2221"]
[PlyCount "132"]
[EventDate "2002.02.16"]
[Source "ChessBase"]
[SourceDate "2002.03.14"]

1. d4 f5 2. Qd3 d6 3. g3 Nf6 4. Bg2 e6 5. Nf3 Be7 6. O-O O-O 7. Nbd2 Nc6 8. Qb3 Kh8 9. c4 a5 10. Qc3 Qe8 11. a3 a4 12. b4 axb3 13. Bb2 Ne4 14. Qxb3 Bf6 15. e3 Nxd2 16. Nxd2 e5 17. Rfe1 e4 18. Rac1 b6 19. f3 exf3 20. Bxf3 Bb7 21. Qc2 Qd7 22. Bg2 Rae8 23. Bh3 g6 24. d5 Ne5 25. e4 Qg7 26. exf5 Nf3+ 27. Nxf3 Bxb2 28. Rxe8 Rxe8 29. Re1 Rxe1+ 30. Nxe1 Qd4+ 31. Kg2 Bc3 32. Qd3 Qxd3 33. Nxd3 gxf5 34. Bxf5 Ba6 35. Nf4 Bxc4 36. Be4 b5 37. Bd3 Bb2 38. a4 Bxd3 39. Nxd3 bxa4 40. Nb4 Kg7 41. Kf3 Kf6 42. Kf4 a3 43. Na2 h5 44. Ke4 Kg5 45. h3 Be5 46. Kf3 Kf6 47. g4 hxg4+ 48. hxg4 Ke7 49. Ke4 Kd7 50. g5 c5 51. Kf5 Ke7 52. Kg6 Bf4 53. Kf5 Bd2 54. Kg6 c4 55. Kf5 c3 56. Nb4 c2 57. Nxc2 a2 58. Kg6 Bc3 59. Kh7 a1=Q 60. Nxa1 Bxa1 61. g6 Kf8 62. Kh6 Bb2 63. Kh7 Be5 64. Kh6 Kg8 65. Kg5 Kg7 66. Kh5 Bf6 0-1

[Event "26th OCF NAO Fide Open"]
[Site "Stillwater USA"]
[Date "2007.09.01"]
[Round "5"]
[White "Betaneli, A."]
[Black "Steiner, Ti"]
[Result "1-0"]
[WhiteElo "2239"]
[BlackElo "2128"]
[PlyCount "75"]
[EventDate "2007.08.31"]
[Source "www.chesslib.no"]
[SourceDate "2004.05.04"]

1. d4 f5 2. Qd3 d6 3. g4 fxg4 4. h3 g3 5. fxg3 g6 6. Bg2 Bg7 7. Nf3 Nf6 8. O-O O-O 9. Ng5 Qe8 10. Qb3+ e6 11. Bxb7 Bxb7 12. Qxb7 Nc6 13. c3 Qd7 14. Qb3 Rae8 15. Be3 Kh8 16. Bf2 h6 17. Nf3 g5 18. Nbd2 e5 19. d5 Ne7 20. Kg2 e4 21. Ng1 Nexd5 22. c4 Ne7 23. Qb5 c6 24. Qa4 Nf5 25. e3 Qb7 26. Nb3 d5 27. Ne2 dxc4 28. Nbd4 Nd5 29. Nxf5 Rxf5 30. Qxc4 Qxb2 31. Rae1 Qd2 32. Qxc6 Ref8 33. Qc1 Qxa2 34. Qb1 Qc4 35. Nd4 Bxd4 36. Qxe4 Qa2 37. Qxd4+ Kg8 38. e4 1-0

[Event "Open 2007"]
[Site "Miami USA"]
[Date "2007.09.29"]
[Round "6"]
[White "Veksler, Boris"]
[Black "Cardona, Yulia"]
[Result "0-1"]
[WhiteElo "2099"]
[BlackElo "2257"]
[PlyCount "86"]
[EventDate "2007.09.26"]
[Source "www.chesslib.no"]
[SourceDate "2004.05.04"]

1. d4 f5 2. Qd3 d6 3. e4 fxe4 4. Qxe4 Nf6 5. Qh4 Bf5 6. c3 Qd7 7. Nf3 Qe6+ 8. Be2 Bd3 9. Be3 Bxe2 10. Kxe2 Qc4+ 11. Kd2 Nc6 12. Na3 Qd5 13. Rhe1 O-O-O 14. Ke2 Qf5 15. Rad1 e6 16. Qg5 d5 17. Qxf5 exf5 18. Nc2 Re8 19. Kf1 Bd6 20. Bc1 Ne4 21. Ne3 Ne7 22. Kg1 g5 23. Ne5 Bxe5 24. dxe5 c6 25. f3 Nc5 26. Nc2 Ne6 27. Nd4 Nxd4 28. cxd4 f4 29. h4 h6 30. g4 fxg3 31. hxg5 hxg5 32. Kg2 Nf5 33. Rh1 Rxh1 34. Rxh1 Nxd4 35. Re1 Nf5 36. Kh3 Kd7 37. Kg4 Ke6 38. Rh1 Rg8 39. Bxg5 d4 40. Kf4 d3 41. Rg1 d2 42. Bf6 g2 43. Bg5 Rxg5 0-1

[Event "Bayernliga 05/06 (Oberliga)"]
[Site "?"]
[Date "2005.11.27"]
[Round "3.7"]
[White "Haag Wolfgang"]
[Black "Otte Marco"]
[Result "1-0"]
[WhiteElo "2180"]
[BlackElo "2162"]
[PlyCount "29"]
[EventDate "2005.??.??"]
[Source "www.chesslib.no"]
[SourceDate "2004.05.04"]

1. d4 f5 2. Qd3 g6 3. e4 fxe4 4. Qxe4 Nf6 5. Qh4 c6 6. Nc3 Qb6 7. Nf3 d6 8. Bd3 Bg7 9. Bh6 Bxh6 10. Qxh6 Rf8 11. O-O-O Be6 12. Rhe1 Bg8 13. Rxe7+ Kxe7 14. Re1+ Be6 15. Qg7+ 1-0

[Event "It (Open) Bajmok SCG"]
[Site "?"]
[Date "2005.12.23"]
[Round "1"]
[White "Vidic Stefan"]
[Black "Szabados Karoly"]
[Result "1-0"]
[WhiteElo "2267"]
[BlackElo "2065"]
[PlyCount "61"]
[EventDate "2005.??.??"]
[Source "www.chesslib.no"]
[SourceDate "2004.05.04"]

1. d4 f5 2. Qd3 g6 3. h4 Nf6 4. Nf3 c5 5. d5 Na6 6. a3 Nc7 7. Nc3 d6 8. Bg5 Bg7 9. g3 Ne4 10. Bd2 b5 11. Nxb5 Nxb5 12. Qxb5+ Bd7 13. Qd3 c4 14. Qxc4 Qb6 15. Be3 Qxb2 16. Bd4 Nc3 17. Rd1 Bxd4 18. Qxd4 Nxd1 19. Kxd1 Qxd4+ 20. Nxd4 Kf7 21. e3 Rab8 22. Kd2 Rhc8 23. h5 g5 24. Bd3 Rc5 25. f4 gxf4 26. gxf4 e5 27. dxe6+ Bxe6 28. Rg1 Rb2 29. h6 Ba2 30. Rg7+ Kf8 31. Rxa7 1-0

[Event "Seefeld Open"]
[Site "Seefeld"]
[Date "1993.??.??"]
[Round "4"]
[White "Krmelj, Natasa"]
[Black "Speck, Hans"]
[Result "0-1"]
[WhiteElo "2045"]
[BlackElo "2275"]
[PlyCount "66"]
[EventDate "1993.??.??"]
[Source "www.chesslib.no"]
[SourceDate "2004.05.04"]

1. d4 f5 2. Qd3 d5 3. g4 e6 4. Bh3 g6 5. Nf3 Nf6 6. Ne5 Nbd7 7. Bg5 Be7 8. gxf5 exf5 9. Nc3 c6 10. Nxd7 Bxd7 11. Bg2 Ne4 12. Bxe7 Qxe7 13. h4 O-O-O 14. e3 Rhe8 15. Ne2 Qb4+ 16. c3 Qxb2 17. O-O Nd2 18. Rfd1 Nc4 19. a4 a5 20. Nf4 Be6 21. Kf1 Bf7 22. Ke1 Qb6 23. Rdb1 Qc7 24. Kf1 Qe7 25. h5 Rd7 26. hxg6 hxg6 27. Ra2 g5 28. Ne2 Bg6 29. Re1 Qh7 30. Ng1 f4 31. e4 Bxe4 32. Rxe4 Rxe4 33. Bh3 Re1+ 0-1

[Event "URU-ch sf-B"]
[Site "?"]
[Date "2003.04.27"]
[Round "4"]
[White "Garcia Luis E"]
[Black "Rossell Eduardo"]
[Result "1-0"]
[WhiteElo "2195"]
[BlackElo "2124"]
[PlyCount "69"]
[EventDate "2003.??.??"]
[Source "www.chesslib.no"]
[SourceDate "2004.05.04"]

1. d4 f5 2. Qd3 d5 3. g3 Nf6 4. Bg2 e6 5. Nh3 c6 6. O-O Be7 7. b3 O-O 8. c4 Kh8 9. Ba3 b6 10. Bxe7 Qxe7 11. Nd2 Bb7 12. Rfe1 Nbd7 13. cxd5 exd5 14. Rad1 Ne4 15. f3 Nxd2 16. Rxd2 c5 17. e4 fxe4 18. fxe4 dxe4 19. Bxe4 Nf6 20. Nf2 cxd4 21. Rde2 Nxe4 22. Nxe4 Qe5 23. h4 Qd5 24. Kh2 Rae8 25. Kh3 Rd8 26. Ng5 g6 27. Kh2 Rde8 28. Ne4 Bc6 29. a4 Rf5 30. Ng5 Rf2+ 31. Rxf2 Rxe1 32. Nf3 Kg7 33. Qd2 Qe4 34. Qxe1 Qxe1 35. Nxe1 1-0

[Event "Bayernliga 05/06 (Oberliga)"]
[Site "?"]
[Date "2005.12.11"]
[Round "4.6"]
[White "Haag Wolfgang"]
[Black "Schmid Michael"]
[Result "1-0"]
[WhiteElo "2193"]
[BlackElo "2126"]
[PlyCount "87"]
[EventDate "2005.??.??"]
[Source "www.chesslib.no"]
[SourceDate "2004.05.04"]

1. d4 f5 2. Qd3 d5 3. Bf4 Nf6 4. Nf3 e6 5. e3 Bd6 6. c4 Bxf4 7. exf4 dxc4 8. Qxc4 Nc6 9. Nc3 O-O 10. g3 Na5 11. Qe2 Re8 12. Bg2 Rb8 13. O-O Nc6 14. Qc4 Bd7 15. Rfe1 Re7 16. b4 b5 17. Qb3 Kh8 18. Rad1 Qe8 19. Ne5 Nxe5 20. dxe5 Ng8 21. Qa3 Bc6 22. Bxc6 Qxc6 23. Qxa7 Ree8 24. Qc5 Qf3 25. Nxb5 h5 26. h4 Red8 27. Rxd8 Rxd8 28. Nd4 Qg4 29. Nxe6 Rd3 30. Ng5 Ra3 31. Qc2 Ne7 32. Qd2 c6 33. Qe2 g6 34. Qxg4 hxg4 35. Re2 Nd5 36. Rb2 Ra4 37. b5 cxb5 38. Rxb5 Nc3 39. Rb8+ Kg7 40. Rb7+ Kg8 41. Rb6 Kg7 42. Rb7+ Kf8 43. Nh7+ Ke8 44. Nf6+ 1-0

[Event "POL Team Ch"]
[Site "Mikolajki"]
[Date "1991.??.??"]
[Round "9"]
[White "Kaczorowska, Barbara"]
[Black "Lewandowska, Katarzyna"]
[Result "1-0"]
[WhiteElo "2175"]
[BlackElo "2125"]
[PlyCount "85"]
[EventDate "1991.??.??"]
[Source "www.chesslib.no"]
[SourceDate "2004.05.04"]

1. d4 f5 2. Qd3 d5 3. g3 Nf6 4. Bg2 b6 5. c4 e6 6. Nf3 Bb4+ 7. Bd2 a5 8. cxd5 Bxd2+ 9. Nbxd2 exd5 10. Ne5 O-O 11. O-O Qe7 12. Rac1 Bb7 13. Rfd1 g6 14. Qe3 Na6 15. Qb3 Kg7 16. e3 Rac8 17. a3 Rfd8 18. Rc2 Rd6 19. Rdc1 c5 20. Qc3 Re6 21. Nd3 c4 22. Ne5 Nb4 23. Ra1 Nxc2 24. Qxc2 b5 25. h4 b4 26. Qa4 c3 27. bxc3 bxc3 28. Nb3 Rb6 29. Rc1 Ne4 30. Nxa5 c2 31. Rxc2 Rb1+ 32. Kh2 Ra8 33. Bxe4 fxe4 34. Rc5 Rb2 35. Kg1 Rf8 36. Rc2 Rb1+ 37. Kg2 Bc8 38. Qc6 Be6 39. Qc7 Kf6 40. Qxe7+ Kxe7 41. Rc7+ Kd8 42. Rxh7 Rb2 43. Nb7+ 1-0